Normal view
MARC view
- Arshitha Suresh
Entry Personal Name
001 - CONTROL NUMBER
- control field: 4950
003 - CONTROL NUMBER IDENTIFIER
- control field: OSt
005 - DATE AND TIME OF LATEST TRANSACTION
- control field: 20210906124027.0
008 - FIXED-LENGTH DATA ELEMENTS
- fixed length control field: 210906|| aca||aabn | a|a d
040 ## - CATALOGING SOURCE
- Original cataloging agency: OSt
- Transcribing agency: OSt
100 ## - HEADING--PERSONAL NAME
- Personal name: Arshitha Suresh
670 ## - SOURCE DATA FOUND
- Source citation: Work cat.: (OSt): Abinav E Basi 4949, Development and evalution of Cocoa Pod Breaker, 2021
